| 000 | 01281nab a22001937a 4500 | ||
|---|---|---|---|
| 999 |
_c6094 _d6094 |
||
| 003 | OSt | ||
| 005 | 20260122065708.0 | ||
| 008 | 190502c xxu||||| |||| 00| 0 spa d | ||
| 040 | _cPJ | ||
| 100 |
_aSandhagen, Alberto _94831 |
||
| 245 | 1 | 3 |
_aEl delito de negociaciones incompatibles con el ejercicio de la función pública / _cAlberto Sandhagen. |
| 260 |
_aCiudad Autónoma de Buenos Aires : _bThomson Reuters La Ley, _c2024. |
||
| 300 | _ap. 17-40 | ||
| 505 | _aSumario: I. Introducción del presente trabajo.— II. Bien jurídico tutelado.— III. Sujetos activos del delito de negociación incompatible.— IV. La conducta sancionada por el delito del art. 265 del Cód. Penal.— V. La naturaleza del beneficio perseguido por la conducta típica.— VI. La consumación de la conducta típica.— VII. El tipo subjetivo del art. 265.— VIII. Responsabilidad de las personas jurídicas.— IX. Cuestiones relativas a las sanciones de la figura penal.— X. Consideraciones finales | ||
| 505 | _t¿Te interesa el texto completo? Solicitalo al correo: koha@justierradelfuego.gov.ar | ||
| 650 | 0 |
_9343 _aDERECHO PENAL |
|
| 773 | 0 |
_02729 _93180 _dBuenos Aires : LexisNexis, 2006- _tRevista de derecho penal y procesal penal. Nº 10 - Octubre 2024 _z9875920622 |
|
| 942 |
_2udc _cANA |
||